Тезаурус в автоматизированных системах управления и обработки информации

Bibliographische Detailangaben
1. Verfasser: Шемакин Ю. И. Юрий Иванович
Sprache:Russisch
Veröffentlicht: Москва, Воениздат, 1974
Schlagworte:
Format: MixedMaterials Buch
KOHA link:https://koha.lib.tpu.ru/cgi-bin/koha/opac-detail.pl?biblionumber=110957

MARC

LEADER 00000nam0a2200000 4500
001 110957
005 20231031120625.0
035 |a (RuTPU)RU\TPU\book\119822 
090 |a 110957 
100 |a 20070305d1974 km y0rusy50 ca 
101 0 |a rus 
102 |a RU 
105 |a a z 001zy 
200 1 |a Тезаурус в автоматизированных системах управления и обработки информации  |f Ю. И. Шемакин 
210 |a Москва  |c Воениздат  |d 1974 
215 |a 187 с.  |c ил. 
320 |a Библиогр.: с. 182-186. 
610 1 |a информатика 
610 1 |a информационно-поисковые системы 
610 1 |a АСУ 
610 1 |a автоматизированные системы управления 
610 1 |a словари дескрипторов 
610 1 |a составление 
610 1 |a тезаурусы 
675 |a 002.6  |v 3 
700 1 |a Шемакин  |b Ю. И.  |g Юрий Иванович 
801 1 |a RU  |b 63413507  |c 20070305  |g PSBO 
801 2 |a RU  |b 63413507  |c 20150605  |g PSBO 
942 |c BK